000 00879nam a2200205Ia 4500
003 OSt
005 20251003121828.0
008 210210b2005 xxu||||| |||| 00| 0 eng d
040 _cAL
041 _aKannada
082 _aS891.2K GOPM
100 _aGOPALARAV (B).
_9115434
_dಗೋಪಾಲರಾವ್ (ಬಿ)
245 _aMahakavi Kalidasapranita meghaduta: mulashloka, mallinathana sanjivani vyakhyana tatparya mattu anvayartha.
_bಮಹಾಕವಿ ಕಾಳಿದಾಸಪ್ರಣೀತ ಮೇಘದೂತ : ಮೂಲಶ್ಲೋಕ, ಮಲ್ಲಿನಾಥನ ಸಂಜೀವನಿ ವ್ಯಾಖ್ಯಾನ ತಾತ್ಪರ್ಯ ಮತ್ತು ಅನ್ವಯಾರ್ಥ
260 _aBengaluru
_bAnkita Pustaka
_c2005
300 _a252
650 _aKalidasa Meghaduta
_9115435
690 _aSanskrit Drama
_9115436
906 _a060371
942 _2ddc
_cBK
999 _c107314
_d107314